000 00655nam a22002172 4500
001 0000005219
005 20151217151956.0
008 070608s xx 000 0 eng d
020 _a8173664390 :
_cKES 3,200
040 _aKABU
_cKABU
050 0 _aTK5105.8865
_b.D36
100 1 _aDang, Luan.
_@0000156383
245 1 0 _aPractical voip usinf VOCAL /
_cLuan Dang, Cullen Jennings and David Kelly.
260 _aMumbai :
_bSPD,
_c2002.
300 _axvii, 502 p.
650 0 _aInternet telephony.
_@0000156384
700 1 _aJennings, Cullen.
_@0000156385
908 _a070608
950 _@1
999 _c6921
_d6921